Every City in West Virginia on a Map - Statistics

General Stats
  • This quiz has been taken 541 times
  • The average score is 30 of 231
Answers on the Map
Answers color-coded by a green-red scale on the quiz's map according to % correct below.
 
Answer Stats
Name Population % Correct
Charleston 46,838
94%
Morgantown 30,429
76%
Wheeling 26,208
74%
Huntington 45,325
72%
Parkersburg 29,025
58%
Beckley 16,576
52%
Harpers Ferry 268
47%
Martinsburg 18,935
46%
Weirton 18,386
43%
South Charleston 13,281
40%
Fairmont 18,155
39%
Clarksburg 15,489
38%
Charles Town 7,672
34%
Bluefield 9,272
33%
Elkins 6,755
33%
Moundsville 7,724
28%
Point Pleasant 3,908
28%
St. Albans 10,387
28%
Princeton 5,642
27%
Fayetteville 2,804
26%
Lewisburg 3,785
26%
Bridgeport 9,377
25%
Hurricane 6,806
25%
Nitro 6,426
25%
Welch 3,414
25%
Vienna 10,457
24%
Buckhannon 5,055
23%
Bath 752
22%
Summersville 3,344
22%
Weston 3,776
22%
Logan 1,337
21%
New Martinsville 5,087
21%
Oak Hill 7,849
21%
Romney 1,753
20%
War 559
20%
White Sulphur Springs 2,187
20%
Davis 581
19%
Keyser 4,843
19%
Madison 2,742
19%
Petersburg 2,268
19%
Barboursville 4,355
18%
Dunbar 7,163
18%
Grafton 4,589
18%
Philippi 2,904
18%
Shepherdstown 1,537
18%
Moorefield 2,487
17%
Ravenswood 3,819
17%
Ripley 3,043
17%
Star City 1,778
17%
Chester 2,113
16%
Kingwood 2,956
16%
Man 727
16%
Williamson 2,831
16%
Franklin 468
15%
Glen Dale 1,425
15%
Mason 834
15%
Paw Paw 410
15%
Ranson 5,699
15%
Sutton 836
15%
Buffalo 1,205
14%
Clay 375
14%
Follansbee 2,692
14%
Kenova 2,897
14%
New Cumberland 984
14%
Poca 864
14%
St. Marys 1,762
14%
Thomas 602
14%
Union 415
14%
Wellsburg 2,302
14%
Addison 689
13%
Bethany 756
13%
Flatwoods 257
13%
Glenville 1,079
13%
Hinton 2,142
13%
Salem 1,482
13%
Wayne 1,395
13%
Westover 4,043
13%
Williamstown 2,955
13%
Winfield 2,368
13%
Belle 1,106
12%
Hedgesville 301
12%
Marlinton 969
12%
Paden City 2,408
12%
Parsons 1,289
12%
Athens 942
11%
Bethlehem 2,553
11%
Bolivar 1,005
11%
Bruceton Mills 61
11%
Cameron 821
11%
Elizabeth 698
11%
Farmington 398
11%
Granville 1,371
11%
Hundred 242
11%
Milton 2,755
11%
Montgomery 1,224
11%
Shinnston 2,276
11%
Sistersville 1,327
11%
Spencer 1,982
11%
Terra Alta 1,413
11%
Triadelphia 651
11%
West Liberty 1,441
11%
West Union 639
11%
Jane Lew 388
10%
McMechen 1,613
10%
Pineville 610
10%
Beech Bottom 524
9%
Benwood 1,191
9%
Capon Bridge 422
9%
Chesapeake 1,290
9%
Harrisville 1,554
9%
Mannington 1,916
9%
Matewan 381
9%
Middlebourne 678
9%
Pleasant Valley 3,483
9%
Richwood 1,623
9%
White Hall 703
9%
Alderson 941
8%
Ansted 1,272
8%
Barrackville 1,201
8%
Beverly 602
8%
Blacksville 119
8%
Burnsville 380
8%
Ceredo 1,341
8%
Clearview 459
8%
Clendenin 862
8%
Ellenboro 243
8%
Fairview 370
8%
Gassaway 734
8%
Gauley Bridge 530
8%
Grantsville 471
8%
Grant Town 674
8%
Hamlin 992
8%
Henderson 221
8%
Marmet 1,435
8%
Monongah 1,039
8%
Nutter Fort 1,454
8%
Oceana 1,389
8%
Ridgeley 577
8%
Rivesville 813
8%
Ronceverte 1,531
8%
Rowlesburg 435
8%
Thurmond 2
8%
Wardensville 262
8%
Windsor Heights 339
8%
Albright 246
7%
Anmoore 501
7%
Belington 1,789
7%
Belmont 834
7%
Brandonville 128
7%
Chapmanville 956
7%
Eleanor 1,517
7%
Elk Garden 207
7%
Fort Gay 661
7%
Friendly 94
7%
Harman 94
7%
Kermit 294
7%
Lumberport 695
7%
Masontown 505
7%
Mullens 1,383
7%
Newburg 258
7%
New Haven 1,418
7%
Peterstown 449
7%
Piedmont 701
7%
Pine Grove 344
7%
Reedsville 526
7%
Smithfield 96
7%
Sophia 1,082
7%
Stonewood 1,759
7%
Tunnelton 291
7%
Valley Grove 265
7%
Worthington 175
7%
Auburn 78
6%
Bayard 193
6%
Cairo 167
6%
Cowen 469
6%
East Bank 791
6%
Flemington 304
6%
Gary 703
6%
Glasgow 684
6%
Hillsboro 227
6%
Huttonsville 157
6%
Iaeger 230
6%
Junior 376
6%
Kimball 253
6%
Leon 129
6%
Lost Creek 348
6%
Mill Creek 542
6%
Mount Hope 1,276
6%
North Hills 817
6%
Pennsboro 1,014
6%
Rainelle 1,159
6%
Smithers 709
6%
West Milford 442
6%
Womelsdorf 185
6%
Camden-on-Gauley 122
5%
Carpendale 847
5%
Cedar Grove 691
5%
Danville 640
5%
Davy 189
5%
Delbarton 395
5%
Gilbert 311
5%
Hambleton 211
5%
Handley 214
5%
Hendricks 220
5%
Keystone 157
5%
Mabscott 1,282
5%
Meadow Bridge 314
5%
Montrose 139
5%
Northfork 208
5%
Pratt 461
5%
Pullman 131
5%
Rupert 847
5%
Anawalt 151
4%
Bancroft 384
4%
Bramwell 265
4%
Durbin 249
4%
Falling Spring 169
4%
Hartford City 494
4%
Lester 326
4%
Mitchell Heights 299
4%
Oakvale 131
4%
Pax 130
4%
Quinwood 213
4%
Reedy 147
4%
Sand Fork 175
4%
West Hamlin 500
4%
West Logan 373
4%
Whitesville 337
4%
Bradshaw 183
3%
Sylvester 154
3%
Rhodell 137
2%
No matching quizzes found
Score Distribution
Percent of People with Each Score
Percentile by Number Answered
Your Score History
You have not taken this quiz